Top 30 Città più popolose Puglia - Statistics

Statistiche generali
  • Questo quiz è stato fatto 318 volte
  • Il punteggio medio è 19 su 30
Statistiche sulle risposte
Popolazione Provincia Città % Corretto
316 245 Bari Bari
99%
92 515 Barletta-Andria-Trani Barletta
99%
146 563 Foggia Foggia
99%
95 273 Lecce Lecce
98%
189 355 Taranto Taranto
98%
97 192 Barletta-Andria-Trani Andria
97%
83 269 Brindisi Brindisi
96%
54 876 Barletta-Andria-Trani Trani
93%
70 355 Bari Altamura
71%
57 080 Foggia Cerignola
70%
47 789 Bari Monopoli
68%
53 585 Bari Bitonto
66%
54 214 Barletta-Andria-Trani Bisceglie
64%
57 587 Bari Molfetta
64%
54 433 Foggia Manfredonia
61%
32 458 Brindisi Ostuni
61%
49 899 Foggia San Severo
58%
38 457 Brindisi Fasano
48%
47 191 Taranto Martina Franca
48%
32 448 Taranto Massafra
48%
42 564 Bari Gravina in Puglia
40%
31 952 Lecce Nardò
40%
28 422 Barletta-Andria-Trani Canosa di Puglia
39%
47 137 Bari Corato
38%
36 607 Brindisi Francavilla Fontana
38%
32 679 Foggia Lucera
38%
31 843 Taranto Manduria
38%
38 344 Bari Modugno
38%
32 791 Taranto Grottaglie
31%
27 949 Bari Gioia del Colle
29%
Nessun quiz corrispondente trovato
Distribuzione punteggi
Percentuale di utenti per punteggio
Percentile per numero di risposta
I tuoi punteggi nel tempo
Non hai fatto questo quiz